Dasar sosial di Malaysia
| Main Author: | |
|---|---|
| Format: | Book |
| Published: |
Kuala Lumpur :
Golden Book ,
1993
|
| Subjects: |
MARC
| LEADER | 00000cam a2200000 7i4500 | ||
|---|---|---|---|
| 001 | 0000001764 | ||
| 002 | 000001921 | ||
| 005 | 20000330.0 | ||
| 020 | |a 9837200480 | ||
| 090 | 0 | 0 | |a 361.6109595 |b WAN |
| 100 | 0 | |a Wan Azmi Ramli | |
| 245 | 1 | 0 | |a Dasar sosial di Malaysia |c Wan Azmi Ramli |
| 260 | |a Kuala Lumpur : |b Golden Book , |c 1993 | ||
| 300 | |a 393p. : |b ill ; |c 21cm. | ||
| 650 | 0 | 0 | |a Public policy |z Malaysia |
| 650 | 0 | 0 | |a Social planning |z Malaysia |
| 999 | |a 033774 |b BUKU |c PINJAMAN |e PERPUSTAKAAN KOMUNITI PETALING JAYA | ||